000 00218nam a22000857a 4500
008 170125b xxu||||| |||| 00| 0 eng d
100 _92577
_aBPI India
245 _aThe donkey Learns a leason
260 _aNew Delhi
_bBPI
_c2010
999 _c5703
_d5703